000 00592cam a2200181 4500
001 WB3732-52
008 010822n2001 000 0 eng u
035 _a(Sirsi) u114275
245 _aWhen net asset value is no guide
260 _c2001
490 _aFinancial Times
_v17 August 2001, 20(1)
520 _aConsiders recent attempts to buy, and bids for, Asda Property and the questions these have raised about the validity of net asset value.
590 _aWB
650 _aNET ASSET VALUE
650 _aASDA
690 _aVALUATION AND INVESTMENT APPRAISAL-COMMERCIAL
942 _n0
999 _c68071
_d68071